| 000 | nam a22 7a 4500 | ||
|---|---|---|---|
| 999 |
_c329742 _d329742 |
||
| 003 | NUST | ||
| 005 | 20170518171940.0 | ||
| 008 | 170518b xxu||||| |||| 00| 0 eng d | ||
| 020 | _a9693516419 | ||
| 040 | _cdlc | ||
| 082 | _a954.025 ABU | ||
| 100 |
_aAbu-al-Fazal ibn Mubarak, _91169 |
||
| 245 | _aThe Akbar nama of Abu-l-Fazl | ||
| 260 |
_aLahore _bSang-e-Meel Publications, _c2005 |
||
| 300 |
_a3 v. ; _c25cm |
||
| 942 |
_2ddc _cBK |
||